The quality of police education /

Bibliographic Details
Main Author: Sherman, Lawrence W.
Corporate Author: National Advisory Commission on Higher Education for Police Officers
Format: Book
Language:English
Published: San Francisco : Jossey-Bass Publishers, 1978.
Edition:1st ed.
Series:Jossey-Bass series in higher education.
Subjects:

MARC

Tag First Indicator Second Indicator Subfields
LEADER 00000cam a2200000 i 4500
001 in00000052649
005 20151007072158.0
008 790315s1978 cau b 00110 eng
010 |a  78062575  
020 |a 0875893899 
035 |a (OCoLC)04834668 
035 |9 AAE7382AM 
040 |a DLC  |c DLC  |d TXA  |d UtOrBLW 
043 |a n-us--- 
049 |a TXAM  |c [1192011] 
050 0 0 |a HV7923  |b .S53 
082 0 |a 363.2/07/1173 
100 1 |a Sherman, Lawrence W. 
245 1 4 |a The quality of police education /  |c Lawrence W. Sherman & the National Advisory Commission on Higher Education for Police Officers. 
250 |a 1st ed. 
264 1 |a San Francisco :  |b Jossey-Bass Publishers,  |c 1978. 
300 |a xxii, 278 pages ;  |c 24 cm. 
336 |a text  |b txt  |2 rdacontent 
337 |a unmediated  |b n  |2 rdamedia 
338 |a volume  |b nc  |2 rdacarrier 
490 1 |a The Jossey-Bass series in higher education 
500 |a Includes index. 
504 |a Bibliography: pages 243-268. 
650 0 |a Police  |x Study and teaching  |z United States. 
650 0 |a Police training  |z United States. 
710 2 |a National Advisory Commission on Higher Education for Police Officers. 
830 0 |a Jossey-Bass series in higher education. 
999 |a MARS 
999 f f |s 456a2882-f6a5-3eb2-9aea-4a89bf6d6f71  |i ab83f0af-04ff-3bab-b308-969ce8b985a2  |t 0 
952 f f |p ric  |a Texas A&M University  |b Rellis Campus  |c Joint Library Facility  |d Remote Storage  |t 0  |e HV7923 .S53  |h Library of Congress classification  |i unmediated -- volume  |m A14803039453 
998 f f |a HV7923 .S53  |t 0  |l Remote Storage